[Event "GER-ch Seniors 65 36th"]
[White "Erler, Rainer"]
[Black "Zschunke, Werner"]
[Site "Bad Wildungen"]
[Round "2"]
[Result "0-1"]
[Date "2024.08.25"]
[WhiteElo "2122"]
[BlackElo "1966"]
[PlyCount "61"]
[EventDate "2024.08.25"]
[EventType "swiss"]
[EventRounds "9"]
[EventCountry "GER"]
[SourceTitle "CBM 221 Extra"]
[Source "ChessBase"]
[SourceDate "2024.09.30"]
[SourceVersion "1"]
[SourceVersionDate "2024.09.30"]
[SourceQuality "1"]

1. e4 c5 2. Nc3 Nc6 3. g3 g6 4. Bg2 Bg7 5. d3 d6 6. Nh3 Nf6 7. 0-0 0-0 8. f4 Bg4 9. Qd2 Nd4 10. Nf2 Bf3 11. Nfd1 Bxg2 12. Qxg2 Nd7 13. Ne3 e6 14. g4 b5 15. Ncd1 b4 16. c3 bxc3 17. bxc3 Nc6 18. Nc4 Nb6 19. e5 Nxc4 20. Qxc6 Rc8 21. Qe4 Nb6 22. d4 cxd4 23. cxd4 dxe5 24. dxe5 Rc4 25. Qe3 Nd5 26. Qf2 Qc7 27. Nb2 Rc2 28. Qd4 Rd8 29. Nd3 Nxf4 30. Qxf4 Rxd3 31. Qe4 0-1

[Event "Rottach Egern Seniors Cup 12th"]
[White "Zschunke, Werner"]
[Black "Lachat, Martin"]
[Site "Rottach Egern"]
[Round "1"]
[Result "1-0"]
[Date "2024.04.06"]
[WhiteElo "1966"]
[BlackElo "1748"]
[PlyCount "55"]
[EventDate "2024.04.06"]
[EventType "swiss"]
[EventRounds "9"]
[EventCountry "GER"]
[SourceTitle "CBM 219 Extra"]
[Source "ChessBase"]
[SourceDate "2024.05.31"]
[SourceVersion "1"]
[SourceVersionDate "2024.05.31"]
[SourceQuality "1"]

1. c4 f5 2. g3 Nf6 3. Bg2 g6 4. Nc3 Bg7 5. Nf3 0-0 6. 0-0 d6 7. d4 c6 8. b3 Qc7 9. Bb2 e5 10. dxe5 dxe5 11. Qc2 Nbd7 12. Rad1 Re8 13. e4 Nc5 14. Nd2 fxe4 15. Ndxe4 Ncxe4 16. Nxe4 Bf5 17. Nxf6+ Bxf6 18. Qe2 Rad8 19. g4 Rxd1 20. Rxd1 Bc8 21. h3 Qe7 22. Qe3 c5 23. Re1 b6 24. Bc6 Rf8 25. Bxe5 Bh4 26. Bd5+ Be6 27. Bg3 Bxg3 28. Bxe6+ 1-0

[Event "GER-ch Seniors 65 31st"]
[White "Hellwege, Werner"]
[Black "Zschunke, Werner"]
[Site "Radebeul"]
[Round "5"]
[Result "0-1"]
[Date "2019.04.30"]
[WhiteElo "1845"]
[BlackElo "2002"]
[PlyCount "84"]
[EventDate "2019.04.26"]
[EventType "swiss"]
[EventRounds "9"]
[EventCountry "GER"]
[SourceTitle "CBM 190 Extra"]
[Source "ChessBase"]
[SourceDate "2019.07.15"]
[SourceVersion "1"]
[SourceVersionDate "2019.07.15"]
[SourceQuality "1"]

1. d4 Nf6 2. Nf3 d5 3. c4 e6 4. g3 Be7 5. Bg2 0-0 6. 0-0 c6 7. Nc3 dxc4 8. Ne5 Nbd7 9. Nxc4 Nb6 10. Ne5 Nfd7 11. f4 f6 12. Nd3 f5 13. e4 fxe4 14. Nxe4 Nf6 15. Be3 Nbd5 16. Bf2 Qe8 17. Rc1 Nxe4 18. Bxe4 Bf6 19. Qe2 Qe7 20. Rfd1 Bd7 21. Nc5 Be8 22. Bg2 Bf7 23. a3 g6 24. Ne4 Bg7 25. Bh3 h6 26. Nc5 Rfe8 27. Re1 Nc7 28. Nxb7 Nb5 29. Red1 Qxb7 30. Bg2 Rac8 31. Qc2 Red8 32. Bxc6 Qe7 33. Qa4 Nd6 34. Rc5 Nf5 35. Ra5 Rc7 36. b3 Qd6 37. d5 Rxc6 38. Qxc6 Qxc6 39. dxc6 Rxd1+ 40. Kg2 Rd8 41. Rxa7 e5 42. b4 Bd5+ 0-1

[Event "MVP-ch Seniors op 18th"]
[White "Zschunke, Werner"]
[Black "Thielemann, Joachim"]
[Site "Ostseebad Binz"]
[Round "3"]
[Result "1-0"]
[Date "2018.11.30"]
[WhiteElo "1989"]
[BlackElo "1758"]
[PlyCount "65"]
[EventDate "2018.11.28"]
[EventType "swiss"]
[EventRounds "9"]
[EventCountry "GER"]
[SourceTitle "CBM 188 Extra"]
[Source "ChessBase"]
[SourceDate "2019.02.28"]
[SourceVersion "1"]
[SourceVersionDate "2019.02.28"]
[SourceQuality "1"]

1. c4 Nf6 2. Nc3 e5 3. d3 d6 4. g3 Be7 5. Bg2 c6 6. e4 0-0 7. Nge2 Re8 8. 0-0 g6 9. Kh1 Be6 10. f4 Bg4 11. h3 Bxe2 12. Qxe2 Nh5 13. Qf3 exf4 14. Bxf4 Nxf4 15. gxf4 Nd7 16. d4 f6 17. Rad1 Rf8 18. Qg4 Qe8 19. h4 Rd8 20. Bh3 f5 21. exf5 Rxf5 22. Qg3 Rh5 23. f5 Bxh4 24. Qxd6 Nf8 25. Qe5 Qd7 26. Rf3 Re8 27. Qf4 Be1 28. Ne4 Rxe4 29. Qxe4 Bb4 30. Kg2 Bd6 31. fxg6 Rg5+ 32. Kf2 Qg7 33. Rg1 1-0

[Event "MVP-ch Seniors op 18th"]
[White "Schulz, Michael"]
[Black "Zschunke, Werner"]
[Site "Ostseebad Binz"]
[Round "2"]
[Result "1-0"]
[Date "2018.11.29"]
[WhiteElo "2234"]
[BlackElo "1989"]
[PlyCount "103"]
[EventDate "2018.11.28"]
[EventType "swiss"]
[EventRounds "9"]
[EventCountry "GER"]
[SourceTitle "CBM 188 Extra"]
[Source "ChessBase"]
[SourceDate "2019.02.28"]
[SourceVersion "1"]
[SourceVersionDate "2019.02.28"]
[SourceQuality "1"]

1. d4 d5 2. Bf4 Nf6 3. e3 c6 4. Bd3 Nbd7 5. Nd2 e6 6. Ngf3 h6 7. 0-0 Nh5 8. Ne5 Nxf4 9. exf4 Nf6 10. c3 Bd6 11. Qf3 Bxe5 12. fxe5 Ng8 13. Qh3 Bd7 14. f4 g6 15. Nf3 Qe7 16. g4 0-0-0 17. f5 gxf5 18. gxf5 exf5 19. Bxf5 Bxf5 20. Qxf5+ Qe6 21. Nh4 Rd7 22. Qxe6 fxe6 23. Rf8+ Rd8 24. Raf1 Ne7 25. Rxh8 Rxh8 26. Rf6 Kd7 27. Kf2 Rh7 28. Ng6 Nxg6 29. Rxg6 Ke7 30. Kg3 b6 31. Rg8 a5 32. a4 Kd7 33. b4 Kc7 34. bxa5 bxa5 35. Rg6 Kd7 36. Kg4 c5 37. dxc5 h5+ 38. Kg5 h4 39. h3 Rf7 40. Rf6 Rh7 41. c6+ Kxc6 42. Rxe6+ Kc5 43. Ra6 Rg7+ 44. Kf6 Rg3 45. Rxa5+ Kc4 46. e6 Rxh3 47. e7 Re3 48. Ra6 h3 49. Re6 Rxe6+ 50. Kxe6 h2 51. e8Q h1Q 52. Qc6+ 1-0

[Event "MVP-ch Seniors op 17th"]
[White "Just, Joachim"]
[Black "Zschunke, Werner"]
[Site "Binz"]
[Round "5.31"]
[Result "1/2-1/2"]
[Date "2017.12.03"]
[WhiteElo "1902"]
[BlackElo "2006"]
[PlyCount "20"]
[EventDate "2017.11.29"]
[EventType "swiss"]
[EventRounds "9"]
[EventCountry "GER"]
[SourceTitle "EXT 2019"]
[Source "ChessBase"]
[SourceDate "2018.10.10"]
[SourceVersion "1"]
[SourceVersionDate "2018.10.10"]
[SourceQuality "1"]

1. d4 Nf6 2. Nf3 g6 3. g3 Bg7 4. Bg2 0-0 5. 0-0 d5 6. c3 c6 7. Nbd2 Nbd7 8. Qb3 Re8 9. Re1 e5 10. dxe5 Nxe5 1/2-1/2

[Event "GER-chA Seniors 29th"]
[White "Herbrechtsmeier, Christof"]
[Black "Zschunke, Werner"]
[Site "Berlin"]
[Round "1"]
[Result "1-0"]
[Date "2017.08.08"]
[WhiteElo "2264"]
[BlackElo "1994"]
[PlyCount "61"]
[EventDate "2017.08.07"]
[EventType "swiss"]
[EventRounds "9"]
[EventCountry "GER"]
[SourceTitle "EXT 2019"]
[Source "ChessBase"]
[SourceDate "2018.10.10"]
[SourceVersion "1"]
[SourceVersionDate "2018.10.10"]
[SourceQuality "1"]

1. e4 d5 2. exd5 Qxd5 3. Nc3 Qa5 4. d4 Nf6 5. Bc4 c6 6. Nf3 Bg4 7. h3 Bxf3 8. Qxf3 e6 9. 0-0 Bd6 10. Ne4 Nxe4 11. Qxe4 Nd7 12. c3 Nf6 13. Qf3 h6 14. b4 Qc7 15. Rb1 0-0 16. Bxh6 Rfe8 17. Bg5 Nd5 18. Bd2 Bf4 19. Bxf4 Nxf4 20. Rfe1 b5 21. Bb3 Nd5 22. Re4 g6 23. Rbe1 Kg7 24. c4 bxc4 25. Bxc4 Nxb4 26. Qc3 a5 27. a3 Na6 28. d5+ e5 29. Rxe5 Rxe5 30. Rxe5 f6 31. Re6 1-0

[Event "MVP-ch Seniors op 15th"]
[White "Zschunke, Werner"]
[Black "Wolke, Reimund"]
[Site "Binz"]
[Round "7.32"]
[Result "0-1"]
[Date "2015.11.30"]
[WhiteElo "1863"]
[BlackElo "1765"]
[PlyCount "72"]
[EventDate "2015.11.24"]
[EventType "swiss"]
[EventRounds "9"]
[EventCountry "GER"]
[SourceTitle "EXT 2017"]
[Source "ChessBase"]
[SourceDate "2016.10.25"]
[SourceVersion "1"]
[SourceVersionDate "2016.10.25"]
[SourceQuality "1"]

1. c4 Nf6 2. Nc3 e6 3. e4 d5 4. e5 d4 5. exf6 dxc3 6. bxc3 Qxf6 7. d4 b6 8. Nf3 Bb7 9. Be2 h6 10. Be3 Nd7 11. 0-0 Bd6 12. Qa4 c6 13. Qb3 0-0 14. Nd2 c5 15. f4 Qf5 16. Rae1 Nf6 17. Qd1 Rfd8 18. h3 cxd4 19. cxd4 Bb4 20. Bf3 Bxf3 21. Qxf3 Rac8 22. g4 Qa5 23. Re2 Rf8 24. h4 h5 25. g5 Ng4 26. Ne4 Rxc4 27. Ng3 g6 28. Ne4 Rfc8 29. Rd1 Rc2 30. Bd2 Bxd2 31. Rdxd2 Qxa2 32. Qd3 Rxd2 33. Rxd2 Rc1+ 34. Kg2 Qd5 35. Qf3 Kg7 36. Ng3 Rg1+ 0-1

[Event "MVP-ch Seniors op 15th"]
[White "Zschunke, Werner"]
[Black "Hubert, Berthold"]
[Site "Binz"]
[Round "5.11"]
[Result "1/2-1/2"]
[Date "2015.11.28"]
[WhiteElo "1863"]
[BlackElo "1981"]
[PlyCount "25"]
[EventDate "2015.11.24"]
[EventType "swiss"]
[EventRounds "9"]
[EventCountry "GER"]
[SourceTitle "EXT 2017"]
[Source "ChessBase"]
[SourceDate "2016.10.25"]
[SourceVersion "1"]
[SourceVersionDate "2016.10.25"]
[SourceQuality "1"]

1. c4 Nf6 2. Nc3 c5 3. Nf3 Nc6 4. d4 cxd4 5. Nxd4 g6 6. e4 d6 7. Be2 Bg7 8. Be3 0-0 9. 0-0 Bd7 10. Qd2 Ng4 11. Nxc6 bxc6 12. Bxg4 Bxg4 13. f3 1/2-1/2

[Event "MVP-ch Seniors op 14th"]
[White "Zschunke, Werner"]
[Black "Husser, Oskar"]
[Site "Binz"]
[Round "6"]
[Result "1-0"]
[Date "2014.11.30"]
[WhiteElo "1840"]
[BlackElo "1655"]
[PlyCount "85"]
[EventDate "2014.11.25"]
[EventType "swiss"]
[EventRounds "9"]
[EventCountry "GER"]
[SourceTitle "EXT 2016"]
[Source "ChessBase"]
[SourceDate "2015.10.08"]
[SourceVersion "1"]
[SourceVersionDate "2015.10.08"]
[SourceQuality "1"]

1. c4 c6 2. g3 d5 3. Bg2 dxc4 4. Qc2 Nf6 5. Na3 e6 6. Nxc4 Be7 7. Nf3 0-0 8. 0-0 Na6 9. a3 Nc5 10. b4 Nce4 11. Bb2 Qc7 12. Rac1 Nd6 13. Nce5 Nd7 14. Ng4 f5 15. Qc3 Nf6 16. Nge5 Nb5 17. Qb3 Nd5 18. d3 Nd6 19. Nd4 Bf6 20. Nxe6 Bxe6 21. Bxd5 Bxd5 22. Qxd5+ cxd5 23. Rxc7 Rfe8 24. f4 b6 25. Rc6 Nf7 26. d4 Be7 27. Rc7 Nd6 28. Rfc1 Bf8 29. R1c2 Rec8 30. a4 Rxc7 31. Rxc7 Rc8 32. Rxa7 Rc2 33. Ra8 Rxe2 34. Nd7 Re8 35. Rxe8 Nxe8 36. b5 Bb4 37. Nxb6 Nf6 38. Kf1 Kf7 39. Nc8 Nd7 40. Na7 Nb6 41. Nc6 Nxa4 42. Nxb4 Nxb2 43. b6 1-0

[Event "MVP-ch Seniors op 14th"]
[White "Scholz, Jutta"]
[Black "Zschunke, Werner"]
[Site "Binz"]
[Round "1"]
[Result "0-1"]
[Date "2014.11.25"]
[WhiteElo "1439"]
[BlackElo "1840"]
[PlyCount "77"]
[EventDate "2014.11.25"]
[EventType "swiss"]
[EventRounds "9"]
[EventCountry "GER"]
[SourceTitle "EXT 2016"]
[Source "ChessBase"]
[SourceDate "2015.10.08"]
[SourceVersion "1"]
[SourceVersionDate "2015.10.08"]
[SourceQuality "1"]

1. e4 c5 2. Nc3 Nc6 3. g3 g6 4. Bg2 Bg7 5. d3 d6 6. f4 Nf6 7. Nf3 0-0 8. 0-0 Bg4 9. Ne2 Qd7 10. c3 Rfe8 11. Be3 e5 12. Qc2 Rad8 13. Kh1 b6 14. Neg1 d5 15. Nxe5 Nxe5 16. fxe5 Rxe5 17. Bf4 Re6 18. h3 dxe4 19. hxg4 exd3 20. Qd2 Nxg4 21. Rae1 c4 22. Rxe6 Qxe6 23. Re1 Qd7 24. Nh3 h6 25. Re4 b5 26. Re1 g5 27. Be3 Be5 28. Bxg5 hxg5 29. Qxg5+ Kf8 30. Rxe5 Nxe5 31. Qxe5 d2 32. Qh8+ Ke7 33. Qe5+ Qe6 34. Qc5+ Rd6 35. Qxa7+ Kf8 36. Nf2 Qh6+ 37. Kg1 d1Q+ 38. Nxd1 Rxd1+ 39. Kf2 0-1

[Event "MVP-ch Seniors op 13th"]
[White "Zschunke, Werner"]
[Black "Kolkwitz, Klaus"]
[Site "Binz"]
[Round "5"]
[Result "1-0"]
[Date "2013.12.01"]
[WhiteElo "1860"]
[BlackElo "1713"]
[PlyCount "61"]
[EventDate "2013.11.27"]
[EventType "swiss"]
[EventRounds "9"]
[EventCountry "GER"]
[SourceTitle "EXT 2015"]
[Source "ChessBase"]
[SourceDate "2014.11.20"]
[SourceVersion "1"]
[SourceVersionDate "2014.11.20"]
[SourceQuality "1"]

1. c4 c5 2. Nf3 d6 3. d4 cxd4 4. Nxd4 Nf6 5. Nc3 Nc6 6. e4 g6 7. Be2 Bg7 8. Nc2 0-0 9. 0-0 a6 10. Be3 Qc7 11. Rc1 Ne5 12. Nb4 e6 13. b3 Nc6 14. Nd3 e5 15. Nd5 Qd8 16. Bb6 Qd7 17. Nxf6+ Bxf6 18. Ne1 Bd8 19. Be3 Ne7 20. Bh6 Re8 21. Rc3 f5 22. Rd3 Bc7 23. f3 Bb6+ 24. Kh1 Bd4 25. Nc2 Nc6 26. Be3 Qg7 27. Nxd4 exd4 28. Bxd4 Qe7 29. Bc3 fxe4 30. fxe4 Qxe4 31. Bf3 1-0

[Event "MVP-ch Seniors op 13th"]
[White "Alder, Bodo"]
[Black "Zschunke, Werner"]
[Site "Binz"]
[Round "4"]
[Result "1-0"]
[Date "2013.11.30"]
[WhiteElo "1949"]
[BlackElo "1860"]
[PlyCount "47"]
[EventDate "2013.11.27"]
[EventType "swiss"]
[EventRounds "9"]
[EventCountry "GER"]
[SourceTitle "EXT 2015"]
[Source "ChessBase"]
[SourceDate "2014.11.20"]
[SourceVersion "1"]
[SourceVersionDate "2014.11.20"]
[SourceQuality "1"]

1. d4 Nf6 2. Nf3 g6 3. g3 Bg7 4. Bg2 0-0 5. 0-0 d5 6. b3 Re8 7. Bb2 c6 8. Nbd2 Nbd7 9. Re1 Qc7 10. c4 b6 11. Rc1 Qb8 12. Qc2 Bb7 13. e4 dxe4 14. Nxe4 Nxe4 15. Rxe4 e6 16. Rce1 Qc7 17. R4e2 Rad8 18. b4 Nf6 19. Qb3 b5 20. c5 Nd5 21. Ng5 Nf6 22. Rxe6 fxe6 23. Rxe6 Rxe6 24. Nxe6 1-0

[Event "MVP-ch Seniors op 13th"]
[White "Zschunke, Werner"]
[Black "Koehler, Marianne"]
[Site "Binz"]
[Round "1"]
[Result "1-0"]
[Date "2013.11.27"]
[WhiteElo "1860"]
[BlackElo "1506"]
[PlyCount "107"]
[EventDate "2013.11.27"]
[EventType "swiss"]
[EventRounds "9"]
[EventCountry "GER"]
[SourceTitle "EXT 2015"]
[Source "ChessBase"]
[SourceDate "2014.11.20"]
[SourceVersion "1"]
[SourceVersionDate "2014.11.20"]
[SourceQuality "1"]

1. c4 g6 2. Nc3 Bg7 3. g3 e6 4. Bg2 Ne7 5. Nf3 c6 6. c5 Na6 7. d4 Nc7 8. 0-0 0-0 9. e4 b6 10. b4 b5 11. Be3 Bb7 12. Bf4 f6 13. h4 Rf7 14. Qd2 Ne8 15. Rad1 d5 16. e5 Qc8 17. exf6 Bxf6 18. Rfe1 Nf5 19. Be5 Bxe5 20. Rxe5 Nc7 21. g4 Ne7 22. Rde1 Kg7 23. Ng5 Rf6 24. Qe3 Ng8 25. Nxe6+ Nxe6 26. Rxe6 Rxe6 27. Qxe6 Qxe6 28. Rxe6 a5 29. bxa5 Kf7 30. Re2 Rxa5 31. Rb2 Bc8 32. f3 Ra3 33. Rb3 Ra7 34. a4 bxa4 35. Ra3 Ne7 36. Rxa4 Rxa4 37. Nxa4 h6 38. Kf2 g5 39. hxg5 hxg5 40. Nb2 Ng6 41. Bf1 Kf6 42. Nd3 Bd7 43. Ke3 Be6 44. Be2 Bd7 45. Bd1 Ke6 46. f4 gxf4+ 47. Nxf4+ Nxf4 48. Kxf4 Be8 49. Bc2 Kf6 50. g5+ Kg7 51. Ke5 Bg6 52. Ba4 Be8 53. Kd6 Kg6 54. Bxc6 1-0